000 00510nam a2200181Ia 4500
008 240925s9999 xx 000 0 und d
020 _a9788123918426
082 _a519.57 AGA
100 _aAgarwal, B L
245 0 _aTherory and Analysis of Experimental Designs
250 _aNA
260 _aNew Delhi:
_bCBS Publishers and Distributors Pvt. Ltd.
_c,2011.
300 _a289p.
_b0
_fOriginal
500 _aIncludes Index
600 _aHumanities & Natural Science
650 _aMathematics
942 _cBK
999 _c16104
_d16104